000 01215cam a22003617a 4500
003 CHAP
005 20220329142338.0
008 000829d2000 ii a r 00110 eng d
010 _a82106
011 _a83078
020 _a9290664185
035 _a93586
040 _cCHAP
082 0 4 _a583.32
_bJ6
100 0 0 _aJohansen, C.
_eed.
_961761
245 1 0 _aLegumes in rice and wheat cropping systems of the indo-gangetic plain
_c/by C. Johansen [and others]
260 _aAndhra Pradesh, India :
_bInternational Crops Research Institute,
_c2000.
300 _a223 p. :
_bmapas
590 _aBATCH-UPD
_b10
_c20130110
_lUCH01
_h1241
590 _aBATCH-UPD
_b10
_c20130410
_lUCH01
_h0807
590 _aBATCH-UPD
_b10
_c20130914
_lUCH01
_h0411
590 _aCONVERSION
_b10
_c20130109
_lUCH01
_h1346
650 1 4 _aArroz
_xMejoramiento.
_97631
650 1 4 _aLeguminosas.
_965807
650 1 4 _aLeguminosas
_xMejoramiento.
_965838
650 1 4 _aLeguminosas
_xRendimiento.
_965849
650 1 4 _aRegiones áridas
_xAgricultura.
_995670
650 1 4 _aTrigo
_xMejoramiento.
_9115057
901 _aBK
905 _aLilia Sánchez G.
942 _cLIBRO
949 _a583.32 J6
_bBC
_cLIBRO
_d33724000788220
_eLIBRO
_h98557
_i93586
_sex
999 _c82106
_d82106